000 00384nam a2200157Ia 4500
005 20250624030200.0
008 240331s9999 xx 000 0 und d
020 _a9558095001
082 _bDIX
_a327
100 _aDixsit,J.N
245 0 _aKolamba buumikawa
260 _aColombo
_bVijitha Yapa Bookstore
_c1998
300 _a479 p .,
500 _aIndo - Lanka relations
942 _cL
999 _c5021
_d5021